The Western Australian Police headquarters building: Surveillance, power and the authoritarian state
The building housing the Police Headquarters in East Perth, at the eastern gateway to the city of Perth, was opened in 1975. Through the fifteen years it took to be constructed Western Australia, primarily under two Liberal premiers, David Brand and Charles Court, was transformed into a state founde...
| Main Author: | |
|---|---|
| Format: | Electronic Article |
| Language: | English |
| Published: |
2013
|
| In: |
Cultural studies review
Year: 2013 |
| Online Access: |
Volltext (kostenfrei) Volltext (kostenfrei) |
| Check availability: | HBZ Gateway |
MARC
| LEADER | 00000caa a22000002c 4500 | ||
|---|---|---|---|
| 001 | 1866591363 | ||
| 003 | DE-627 | ||
| 005 | 20250121054907.0 | ||
| 007 | cr uuu---uuuuu | ||
| 008 | 231020s2013 xx |||||o 00| ||eng c | ||
| 024 | 7 | |a 10.5130/csr.v19i2.2723 |2 doi | |
| 035 | |a (DE-627)1866591363 | ||
| 035 | |a (DE-599)KXP1866591363 | ||
| 040 | |a DE-627 |b ger |c DE-627 |e rda | ||
| 041 | |a eng | ||
| 084 | |a 2,1 |2 ssgn | ||
| 100 | 1 | |a Stratton, Jon |e VerfasserIn |4 aut | |
| 245 | 1 | 4 | |a The Western Australian Police headquarters building: Surveillance, power and the authoritarian state |
| 264 | 1 | |c 2013 | |
| 336 | |a Text |b txt |2 rdacontent | ||
| 337 | |a Computermedien |b c |2 rdamedia | ||
| 338 | |a Online-Ressource |b cr |2 rdacarrier | ||
| 520 | |a The building housing the Police Headquarters in East Perth, at the eastern gateway to the city of Perth, was opened in 1975. Through the fifteen years it took to be constructed Western Australia, primarily under two Liberal premiers, David Brand and Charles Court, was transformed into a state founded on resource extraction and export. Paralleling this development, Western Australia’s government became increasingly authoritarian and its policing was more and more tied to the needs of that government. All this is expressed in the positioning and architectural style of the Police Headquarters. Michel Foucault has argued that surveillance was a key aspect of the modern world. The Police Headquarters can be read also as expressing the form of mass surveillance which typified modernity, a surveillance which can easily work in tandem with the authoritarian state | ||
| 773 | 0 | 8 | |i Enthalten in |t Cultural studies review |d Carlton South, Vic. : Melbourne Univ. Press, 2002 |g (2013) |h Online-Ressource |w (DE-627)493206590 |w (DE-600)2195226-7 |w (DE-576)309206588 |x 1837-8692 |7 nnas |
| 773 | 1 | 8 | |g year:2013 |
| 856 | |u https://epress.lib.uts.edu.au/journals/index.php/csrj/article/download/2723/3772 |x unpaywall |z Vermutlich kostenfreier Zugang |h publisher [deprecated] | ||
| 856 | 4 | 0 | |u https://core.ac.uk/download/195648381.pdf |x Verlag |z kostenfrei |3 Volltext |7 0 |
| 856 | 4 | 0 | |u https://doi.org/10.5130/csr.v19i2.2723 |x Resolving-System |z kostenfrei |3 Volltext |7 0 |
| 935 | |a mkri | ||
| 951 | |a AR | ||
| ELC | |a 1 | ||
| LOK | |0 000 xxxxxcx a22 zn 4500 | ||
| LOK | |0 001 439422795X | ||
| LOK | |0 003 DE-627 | ||
| LOK | |0 004 1866591363 | ||
| LOK | |0 005 20231020043640 | ||
| LOK | |0 008 231020||||||||||||||||ger||||||| | ||
| LOK | |0 035 |a (DE-2619)CORE11683235 | ||
| LOK | |0 040 |a DE-2619 |c DE-627 |d DE-2619 | ||
| LOK | |0 092 |o n | ||
| LOK | |0 852 |a DE-2619 | ||
| LOK | |0 852 1 |9 00 | ||
| LOK | |0 935 |a core | ||
| LOK | |0 939 |a 20-10-23 |b l01 | ||
| OAS | |a 1 | ||
| ORI | |a SA-MARC-krimdoka001.raw | ||
